000 00278nam a2200121Ia 4500
008 190216s9999||||xx |||||||||||||| ||und||
100 _aHarisimh Pal
245 0 _aHindi-Mehanth Rang Lai
260 _bAjinthya Prakashan
_c2008
300 _a104
650 _aHindi
942 _cBK
999 _c16551
_d16551